[Event "Chigorin Memorial 30th"]
[Site "St Petersburg"]
[Date "2023.10.29"]
[Round "9"]
[White "Nuritdinov, Nizomitdin"]
[Black "Shikhalieva, Ariana"]
[Result "1-0"]
[WhiteElo "1639"]
[BlackElo "1299"]
[PlyCount "67"]
[EventDate "2023.10.21"]
[EventType "swiss"]
[EventRounds "9"]
[EventCountry "RUS"]
[SourceTitle "Mega2024 Update 01"]
[Source "Chessbase"]
[SourceDate "2023.11.12"]
[SourceVersion "1"]
[SourceVersionDate "2023.11.12"]
[SourceQuality "1"]

1. d4 Nf6 2. Nf3 e6 3. Bg5 h6 4. Bh4 d6 5. Nbd2 g5 6. Bg3 Nh5 7. e4 Nxg3 8. hxg3 Bg7 9. c3 a6 10. Bd3 c5 11. Rc1 b5 12. Qe2 Qb6 13. e5 c4 14. Bxc4 d5 15. Bd3 Bd7 16. Nb3 Bc6 17. Nc5 Nd7 18. b4 Nxc5 19. dxc5 Qc7 20. Nd4 Bd7 21. f4 gxf4 22. gxf4 f5 23. Qh5+ Ke7 24. c6 Bc8 25. Qg6 Rg8 26. g3 Bd7 27. cxd7 Qxd7 28. Qh7 Kf8 29. Rxh6 Rh8 30. Qxh8+ Bxh8 31. Rxh8+ Kf7 32. Rh7+ Ke8 33. Rxd7 Kxd7 34. Kf2 1-0

[Event "Chigorin Memorial 30th"]
[Site "St Petersburg"]
[Date "2023.10.27"]
[Round "7"]
[White "Shikhalieva, Ariana"]
[Black "Vershinin, Kirill"]
[Result "0-1"]
[WhiteElo "1299"]
[BlackElo "1784"]
[PlyCount "56"]
[EventDate "2023.10.21"]
[EventType "swiss"]
[EventRounds "9"]
[EventCountry "RUS"]
[SourceTitle "Mega2024 Update 01"]
[Source "Chessbase"]
[SourceDate "2023.11.12"]
[SourceVersion "1"]
[SourceVersionDate "2023.11.12"]
[SourceQuality "1"]

1. d4 Nf6 2. Nf3 g6 3. Bf4 Bg7 4. e3 0-0 5. h3 d6 6. Be2 Nbd7 7. 0-0 Qe8 8. Bh2 e5 9. dxe5 dxe5 10. a4 a5 11. Na3 Qe7 12. Nc4 Ne8 13. Qd2 e4 14. Nd4 Ne5 15. Nxa5 Nd6 16. c4 Nf5 17. b4 Nh4 18. Ra2 Re8 19. Rd1 Bxh3 20. Bxe5 Qxe5 21. gxh3 Qg5+ 22. Kf1 Qg2+ 23. Ke1 Qg1+ 24. Bf1 Bxd4 25. Ke2 Nf3 26. Qc2 Bxe3 27. Rd8 Raxd8 28. Kxe3 Qg5+ 0-1

[Event "Chigorin Memorial 30th"]
[Site "St Petersburg"]
[Date "2023.10.25"]
[Round "5"]
[White "Shikhalieva, Ariana"]
[Black "Rogozhin, Dmitry"]
[Result "1-0"]
[WhiteElo "1299"]
[BlackElo "1782"]
[PlyCount "63"]
[EventDate "2023.10.21"]
[EventType "swiss"]
[EventRounds "9"]
[EventCountry "RUS"]
[SourceTitle "Mega2024 Update 01"]
[Source "Chessbase"]
[SourceDate "2023.11.12"]
[SourceVersion "1"]
[SourceVersionDate "2023.11.12"]
[SourceQuality "1"]

1. d4 d5 2. Nf3 Nf6 3. e3 e6 4. Bd3 Bd6 5. 0-0 0-0 6. b3 Nc6 7. Bb2 Re8 8. Ne5 Nb4 9. Be2 Nd7 10. a3 Nc6 11. f4 f6 12. Nxc6 bxc6 13. c4 f5 14. Nd2 Nf6 15. b4 Bd7 16. Nb3 Ne4 17. Na5 g5 18. c5 Bf8 19. Ba6 gxf4 20. exf4 Qf6 21. Bb7 Kh8 22. Nxc6 Bh6 23. Bxa8 Rxa8 24. Ne5 Bb5 25. Rf3 Rg8 26. a4 Be8 27. Rf1 Qh4 28. Bc1 Bh5 29. Qe1 Qh3 30. Ra2 Nc3 31. Rc2 a6 32. Kh1 1-0

[Event "Chigorin Memorial 30th"]
[Site "St Petersburg"]
[Date "2023.10.23"]
[Round "3"]
[White "Paliy, Vladimir"]
[Black "Shikhalieva, Ariana"]
[Result "0-1"]
[WhiteElo "1832"]
[BlackElo "1299"]
[PlyCount "118"]
[EventDate "2023.10.21"]
[EventType "swiss"]
[EventRounds "9"]
[EventCountry "RUS"]
[SourceTitle "Mega2024 Update 01"]
[Source "Chessbase"]
[SourceDate "2023.11.12"]
[SourceVersion "1"]
[SourceVersionDate "2023.11.12"]
[SourceQuality "1"]

1. e4 c5 2. Nf3 d6 3. Nc3 Nf6 4. d4 cxd4 5. Nxd4 g6 6. Be3 Bg7 7. f3 a6 8. Qd2 b5 9. a4 b4 10. Na2 a5 11. c3 bxc3 12. Bb5+ Bd7 13. Nxc3 0-0 14. 0-0 Bxb5 15. Ncxb5 Nfd7 16. Nb3 Nc6 17. Rac1 Nb4 18. Bd4 Bxd4+ 19. Qxd4 Qb6 20. Rc7 e5 21. Qxb6 Nxb6 22. Nc3 Rfd8 23. Rd1 Kf8 24. Rd2 Ke8 25. Nc1 Rd7 26. Rxd7 Kxd7 27. b3 Rc8 28. N1e2 Ke6 29. Kf2 Nd7 30. Na2 Nc5 31. Nec1 f5 32. Nxb4 axb4 33. Ke3 Nxa4 34. Nd3 Nc5 35. Rc2 Ra8 36. Nxc5+ dxc5 37. Rxc5 Ra3 38. Rc7 Rxb3+ 39. Kf2 Rb2+ 40. Kg3 f4+ 41. Kh3 b3 42. Rxh7 Rc2 43. Rb7 b2 44. Rb6+ Kd7 45. g3 Kc7 46. Rb3 g5 47. gxf4 gxf4 48. Kg4 Rxh2 49. Kf5 Kd6 50. Rd3+ Kc5 51. Rb3 Kc4 52. Rb8 Rg2 53. Kxe5 Rg5+ 54. Kxf4 Rb5 55. Rxb5 Kxb5 56. e5 b1Q 57. Kg5 Qh7 58. f4 Kc6 59. Kf6 Qh6+ 0-1